| 000 | 00772nam a2200265 i 4500 | ||
|---|---|---|---|
| 001 | 77608 | ||
| 003 | ES-MaACL | ||
| 005 | 20230906173310.0 | ||
| 007 | t| | ||
| 008 | 041026s1996 sp ||||1| spa d | ||
| 020 | _a84-249-1787-1 | ||
| 080 | _a9(=91) | ||
| 080 | _a809.1-53 | ||
| 100 | 1 |
_aVillar, Francisco. _9115070 |
|
| 245 | 1 | 4 |
_aLos indoeuropeos y los orígenes de Europa _b: lenguaje e historia / _cFrancisco Villar. |
| 250 | _a2ª ed. corr. y aum. | ||
| 260 |
_aMadrid : _bGredos, _c[1996] |
||
| 300 |
_a614 p. : _bil. ; _c35 cm. |
||
| 490 | 1 | _aManuales | |
| 650 | 1 | 4 |
_aIndoeuropeos- _xHistoria. _913710 |
| 650 | 1 | 4 |
_aLenguas indoeuropeas- _vHistoria. _914361 |
| 830 | 0 |
_aManuales _9178657 |
|
| 852 |
_aES-MaACL _jL-28364 _bR.134239 |
||
| 999 |
_c77608 _d77608 |
||